000 00790nam a22002057a 4500
999 _c916
_d916
001 002446
003 CoMeUDC002446
005 20190121201301.0
008 130821s2011 ck ao gr spa
020 _a9789589976753
040 _cCoMeUDC
_dAldemar Mondragón (modificó)
_bspa
041 0 0 _aspa
082 _a378.03
_bM476e
100 1 _aMazo Cuervo, Diego Mauricio
_928145
245 1 0 _aLideramos la educación virtual en Colombia lecciones aprendidas /
_cDiego Mauricio Mazo Cuervo ; coompilador Alberto Sierra Mejía .
260 _aBogotá (Colombia) :
_bComunicaciones & Publicidad ,
_c2011 .
300 _a184 páginas ;
_bilustraciones, gráficas, fotografías ;
_c25 cm.
700 1 _aSierra Mejía, Alberto
_928146
942 _cBK
_a1
_e1
_mM476L
_2ddc
_h371.334